00786nam a22002177a 450000500170000001000280001702000270004503500170007203700170008903700130010608200190011910000160013824500800015426000340023427000830026830000580035150000530040965000470046265000390050970000200054820140107112158.0 aB-497840-849 ENG-109034 a9788181820631c3600.00 aB-497840-849 bStar Pub/Ven aDBAD/PUB a623.1095415022 aBande, Usha aForts and Palaces of Himachal Pradesh /cby Usha Bande [and] Him Chatterjee aJaipurbLiterary Circlec2011 aC-12/13, First Floor, Opp.Khandelwal Girls College, S.C.Road, bJaipure302001 a178, [1] p.bill. (chiefly col.), col. mapsc29cm(Hb) a Includes bibliographical references (p. [179]). a FortificationzIndia z Himachal Pradesh. aPalaces zIndiazHimachal Pradesh. dChatterjee, Him